000 00388nam a2200157Ia 4500
008 100122s9999 xx 000 0 und d
082 _b61729
_aB823.08
100 _aBLYTON ENID
245 _aMERRY MISTER MEDDLE
250 _a0
260 _bDEAN INTERNATIONAL PUBLISHING
_c1971
300 _a184
630 _aMERRY MISTER MEDDLE
730 _aMERRY MISTER MEDDLE
942 _cBOOK
999 _c378436
_d378433